| 000 | 01437nam a2200349 a 4500 | ||
|---|---|---|---|
| 001 | 0000251 | ||
| 003 | DO-SdBNP | ||
| 005 | 20160411105619.0 | ||
| 007 | 0000251 | ||
| 008 | 150211s20uu dr abc 000 0 spa d | ||
| 020 | _z9789945444026 | ||
| 040 |
_aBPMSU _bspa _cBPMSU |
||
| 092 |
_a372.7 _bR788M, 1ro, 2013 |
||
| 100 | 1 | _aMateo Dicló, Luisa A. | |
| 245 | 0 | 0 |
_aArtística 1 : _bbásica / _cLuisa A. Mateo Dicló, Dafne M. Gil de Peiro ; producción editorial María del Jesús de la Rosa ; ilustraciones Wi-Hen Fung, Ramón Sandoval. |
| 260 |
_aSanto Domingo : _bActualidad Escolar 2000, _c[20uu] |
||
| 300 |
_axxxii, 112 p. : _bil., mapas, retrs. ; _c22 cm. |
||
| 500 | _aIncluye el libros del maestro | ||
| 500 | _aLa biblioteca solamente posee el libro del maestro. | ||
| 505 | 0 |
_tConoce la educación artística -- _tMe conozco -- _tLa exploración -- _tLa expresión artística -- _tLas artes y sus formas -- _tLas artes y su cultura -- _tValorando la historia nacional / |
|
| 650 |
_aMATEMÁTICA _xENSEÑANZA BÁSICA |
||
| 650 |
_aMATEMÁTICA _xEDUCACIÓN PRIMARIA |
||
| 650 |
_aEDUCACIÓN PRIMARIA _zREPÚBLICA DOMINICANA |
||
| 650 |
_aMATEMÁTICA _xLIBRO DE TEXTO |
||
| 650 |
_aMATEMÁTICA _xESTUDIOS Y EJERCICIOS |
||
| 700 | 1 |
_aDel Jesús de la Rosa, María _eprod. ed. |
|
| 700 | 1 | _aGil de Pereiro, Dafne M. | |
| 700 | 1 |
_aSandoval, Ramón _eil. |
|
| 910 | _a00144 | ||
| 942 |
_2ddc _cBK |
||
| 956 |
_aYLOCKWARD _b10 |
||
| 999 |
_c7912 _d7912 |
||